Do života : knížka pro hochy odcházející ze školy

Korporativní autor: Československý červený kříž (organizace). Ústředí
Další autoři: Baborák, Václav, 1874-1945, Baborák, Václav, 1874-1945, Mlčoch, František, 1890-, Krahulík, Ivan, 1881-1966., Krejčí, Miroslav, 1891-1964.
Jazyk: Čeština
Vydáno: Praha : Ústředí dorostu Československého Červeného kříže, 1925
Edice: Knihovna dorostu Československého Červeného kříže
Fyzický popis: 55, 1 s.
Knihy
Uloženo v:
LEADER 02694nam a22003732a 4500
001 000338166
003 CZ BrMZK
005 20230606101844.0
008 010907s1925 xr f cze d
040 |a BOA001  |b cze  |c BOA001 
245 0 0 |a Do života :  |b knížka pro hochy odcházející ze školy 
260 |a Praha :  |b Ústředí dorostu Československého Červeného kříže,  |c 1925 
300 |a 55, 1 s. 
490 1 |a Knihovna dorostu Československého Červeného kříže ;  |v sv. 9 
500 |a Vyzdobil Prokop Laichter. 
501 |a Obsahuje přívazky: Na rozloučenou všem hochům a dívkám, kteří opouštějí školu. Brno : Epos, [1925?]. 74, 1 s. -- Bon ton pro mládež : základ chování společensky bezvadného / Václav Baborák. V Praze : Václav Baborák, 1934. 15, 1 s. -- Srdcem i rozumem : odpovědnost mladých lidí za zdraví příštích generací / Václav Baborák. Praha : V. Baborák, 1935. 15, 1 s. -- Kam teď? Čím budu? : stručná informace o různých povoláních : pro žáky měšťanských i obecných škol, zvláště pro ty, kteří vystoupí ze školy a budou hledat povolání : též pro rodiče i učitele / František Mlčoch. Ve Zlíně : Tvořivá škola, 1940. 41 s. -- Program mírové slavnosti dětské 1930. V Praze : Československý Červený kříž, 1925. vii, 1 s. -- Bílá noc : dětské divadlo v 1 dějství : na motiv z Ovidia / Ivan Krahulík ; zpěvy složil Miroslav Krejčí. V Praze : Dorostový odbor Československého červeného kříže, [1930]. 30, 1 s. 
700 1 2 |a Baborák, Václav,  |d 1874-1945  |f 1934  |t Bon ton pro mládež 
700 1 2 |a Baborák, Václav,  |d 1874-1945  |f 1935  |t Srdcem i rozumem 
700 1 2 |a Mlčoch, František,  |d 1890-  |7 jk01081898 
700 1 2 |a Krahulík, Ivan,  |d 1881-1966.  |f [1930]  |t Bílá noc 
700 1 2 |a Krejčí, Miroslav,  |d 1891-1964.  |t Bílá noc 
710 2 2 |a Československý červený kříž (organizace).  |b Ústředí  |7 ko2003204636 
740 0 2 |a Na rozloučenou všem hochům a dívkám, kteří opouštějí školu 
740 0 2 |a Program mírové slavnosti dětské 1930 
830 0 |a Knihovna dorostu Československého Červeného kříže 
910 |a BOA001  |b PK-A-0001.541 
975 1 |a Baborák, Václav,  |d 1874-1945  |7 jk01010506  |4 aut 
975 1 |a Mlčoch, František,  |d nar. 1890  |7 jk01081898  |4 aut 
975 1 |a Krahulík, Ivan,  |d 1881-1966  |7 jk01062711  |4 aut 
975 1 |a Krejčí, Miroslav,  |d 1891-1964  |7 jk01063222  |4 aut 
990 |a BK 
993 |a Y 
996 7 |b 3119804775  |c PK-A-0001.541  |l MZK  |r Sklad / do 1 hodiny  |n 3  |w 000338166  |u 000010  |a 1  |e BOA001  |j MZK50  |s A 
996 6 |b BC-367312  |c PK-A-0001.541  |l MZK  |r Sklad / do 1 hodiny  |n 0  |w 000338166  |u 000020  |a 1  |e BOA001  |j MZK50  |s P